00657nam a2200193Ia 4500008004100000082001700041100001700058245004500075250000800120260002900128300000800157500002400165650001600189700002200205942000700227952010600234952010600340999001700446230524s9999 xx 000 0 und d a621.381bHOW aRoger T.Howe 0aMicroelectronics: An Integrated Approach a1ST aNEW DELHIbPearsonc2004 a908 aQuantity Number: 2 aElectronics a Charles G.Sodini cBK 00104070aTATCLbTATCLcGENd2023-05-24l0o621.381 HOWp6155r2023-05-24w2023-05-24yBKzCPEC5305 00104070aTATCLbTATCLcGENd2023-05-24l0o621.381 HOWp6961r2023-05-24w2023-05-24yBKzCPEC5305 c16540d16540